000 00380nam a2200169Ia 4500
008 240830s1901 xx 000 0 und d
041 _aeng
082 _a611
100 _aWILLIAMS/WARWICK
245 _aGRAY S ANATOMY
250 _a1 ST
260 _bN.D.
_c1901
300 _a1058p
650 _aANATOMY
906 _aGRAYS ANATOMY FOR STUDENTS
999 _c1190305
_d1190305